000 00301nam a22001337a 4500
020 _a978-81-291-1596-6
082 _a823
_bBON/F
100 _aBOND, RUSKIN
245 _aFOURITE FAIRY TALES
260 _aDELHI
_bRUPA & CO
_c2010
300 _a170
650 _aCHILDRENS STORY BOOK
_zINDIA
942 _cBK
999 _c2642
_d2642